000 00431nam a2200145Ia 4500
008 230917s9999||||xx |||||||||||||| ||und||
040 _e210865
_aMAIN
041 _aEnglish
082 _a583.53 D137P
100 _aDahiya, Tulika
245 0 _aPurification, characterization and clinical application of a membrane bound oxalate oxidase from leaves of Bougainvillea glabra
260 _c2011
300 _a250p p.
942 _cTH
999 _c125632
_d125632